000
00337nam a2200145Ia 4500
100
_a
Pigors/Paul & Others
942
_c
BK
654
_a
Personal Administration
245
_a
Readings in Personal Administration
260
_b
McGraw Hill
_a
Newyork
_c
1959
082
_a
658.31
_b
PIG
300
_a
554
546
_a
ENGLISH
999
_c
33521
_d
33521